| 000 | 01069nam a2200253Ia 4500 | ||
|---|---|---|---|
| 003 | IN-BaIIA | ||
| 008 | 211028s9999 xx 000 0 eng d | ||
| 020 | _a0-7354-0273-6 | ||
| 040 | _cIIA Library | ||
| 080 |
_a524.338 _bMAG |
||
| 111 |
_aAmerican Institute of Physics Conference _cBrazil _d2004 Nov. 28- Dec. 3 _930110 |
||
| 245 | 0 |
_aMagnetic fields in the universe-from laboratory and stars to primordial structures _bAIP conference proceedings held in Angra dos Reis, Brazil, 28 Nov - 3 Dec 2004 _cedited by Elisabete M. De Gouveia Dal Pino, German Lugones and Alexander Lazarian |
|
| 260 |
_aNew York _bAmerican Institute of Physics _c2005 |
||
| 300 | _axxii, 455p. | ||
| 490 | _aAIP conference proceedings; v. 784 | ||
| 650 |
_aMagnetic fields _9530 |
||
| 650 | _aStar formation | ||
| 650 |
_aUniverse _91987 |
||
| 700 |
_aDe Gouveia Dal Pino, Elisabete M., ed. _930111 |
||
| 700 |
_aLazarian, Alexander, ed. _930112 |
||
| 700 |
_aLugones, German, ed. _930113 |
||
| 710 |
_aAmerican Institute of Physics _92416 |
||
| 942 | _cBK | ||
| 999 |
_c16275 _d16275 |
||